Избранные произведения писателей Ближнего Востока: сборник; пер. с араб.

Podrobná bibliografie
Další autoři: Файнгар А. А. (редактор)
Shrnutí:В очередной том Библиотеки избранных произведений писателей Азии и Африки включены романы арабских писателей: "Вор и собаки" Нагиба Махфуза, "Земля лицемерия" Юсефа ас-Сибаи, "Грех" Юсефа Идриса (АРЕ), "Сезон паломничества на Север" ат-Тайиба Салиха (Судан), а также избранные новеллы писателей Сирии, Ирака, Ливана, Иордании, Палестины и других стран Ближнего Востока.
Jazyk:ruština
Vydáno: Москва, Прогресс, 1978
Edice:Библиотека избранных произведений писателей Азии и Африки
Témata:
Médium: Kniha
KOHA link:https://koha.lib.tpu.ru/cgi-bin/koha/opac-detail.pl?biblionumber=359816

MARC

LEADER 00000nam0a2200000 4500
001 359816
005 20231101042817.0
035 |a (RuTPU)RU\TPU\retro\17121 
090 |a 359816 
100 |a 20210115d1978 m y0rusy50 ca 
101 1 |a rus  |c ara 
102 |a RU 
105 |a y z 000ay 
200 1 |a Избранные произведения писателей Ближнего Востока  |e сборник  |e пер. с араб.  |f под ред. А. А. Файнгара 
210 |a Москва  |c Прогресс  |d 1978 
215 |a 560 с. 
225 1 |a Библиотека избранных произведений писателей Азии и Африки 
330 |a В очередной том Библиотеки избранных произведений писателей Азии и Африки включены романы арабских писателей: "Вор и собаки" Нагиба Махфуза, "Земля лицемерия" Юсефа ас-Сибаи, "Грех" Юсефа Идриса (АРЕ), "Сезон паломничества на Север" ат-Тайиба Салиха (Судан), а также избранные новеллы писателей Сирии, Ирака, Ливана, Иордании, Палестины и других стран Ближнего Востока. 
606 1 |a Литература  |x Народов Востока  |2 stltpush  |3 (RuTPU)RU\TPU\subj\40406 
610 1 |a художественная литература 
610 1 |a арабская литература 
610 1 |a романы 
610 1 |a новеллы 
610 1 |a Ближний Восток 
675 |a 89  |v 4 
702 1 |a Файнгар  |b А. А.  |4 340 
801 1 |a RU  |b 63413507  |c 20210115 
801 2 |a RU  |b 63413507  |c 20220120  |g RCR 
942 |c BK